000 00467nam a2200193Ia 4500
005 20240823013525.0
008 240823s9999||||xx |||||||||||||| ||und||
020 _a9812-53-075-4
041 _aENGLISH
082 _A621.319 P4
100 _a"Kimbark,Edward Wilson"
245 0 _aPower System Stability Vol 1
250 _a1st
260 _c2004
_bWiley Easter
500 _aTRANSFERED
650 _aPower System
_bElectrical
942 _cBK
999 _c167488
_d167488